000 00556nam a2200181Ia 4500
005 20250508155947.0
008 008 250505s9999 xx 000 0 eng d
037 _aBooks to be hide in OPAC
040 _aFEDL
_beng
_cFEDL
041 _aeng
_2eng
084 _a379.716, NOV
_qFEDL
245 0 _aAnnual report of the superintendent of education of Nova soctia for the year ended 31st July, 1914
245 0 _cProvince of Nova Scotia
260 _c1915
300 _axvi,208p.
942 _cHB
_h379.716, NOV
999 _c1360469
_d1360469